000 00466nam a2200193Ia 4500
008 151121s9999||||xx |||||||||||||| ||und||
082 _a823/CRO
082 _bHNW-65000
100 _aCross Amanda
245 _aIn The Last Analysis
260 _b"Virago Press Ltd।, London"
260 _c--
300 _a176
600 _aCross Amanda
630 _aIn The Last Analysis
700 _aCross Amanda
730 _aIn The Last Analysis
942 _cBOOK
999 _c1246524
_d1246521